Statistics for F1 all Max Verstappen wins

Click here to take the quiz!

General Stats

  • This quiz has been taken 41 times
  • The average score is 22 of 34

Answer Stats

HintAnswer% Correct
1Spain 2016
94%
2Malaysia 2017
82%
20Abu Dhabi 2021
76%
8Brazil 2019
73%
12Monaco 2021
73%
18USA 2021
73%
29Belgium 2022
70%
27France 2022
70%
31Italy 2022
70%
33USA 2022
70%
10Abu Dhabi 2020
67%
4Austria 2018
67%
6Austria 2019
67%
16Belgium 2021
67%
26Canada 2022
67%
13France 2021
67%
7Germany 2019
67%
28Hungary 2022
67%
3Mexico 2017
67%
5Mexico 2018
67%
17Netherlands 2021
67%
30Netherlands 2022
67%
21Saudi Arabia 2022
67%
25Azerbaijan 2022
64%
32Japan 2022
64%
15Austria 2021
61%
23Miami 2022
61%
24Spain 2022
61%
11Emilia Romagna 2021
55%
22Emilia Romagna 2022
55%
14Styria 2021
55%
970th anniversary 2020
48%
34Mexico City 2022
39%
19Mexico City 2021
36%

Score Distribution

Percentile by Number Answered

Percent of People with Each Score

Your Score History

You have not taken this quiz